[Event "WYCC Girls U18"]
[Site "Porto Carras"]
[Date "2015.10.27"]
[Round "3.6"]
[White "Harazinska, Ewa"]
[Black "Barchuk, Irina"]
[Result "1-0"]
[BlackElo "2180"]
[WhiteElo "2087"]
[LiveChessVersion "1.4.6"]

1. d4 {[%clk 1:30:58]} g6 {[%clk 1:30:54]} 2. c4 {[%clk 1:31:17]} Bg7
{[%clk 1:31:21]} 3. e4 {[%clk 1:31:15]} Nc6 {[%clk 1:31:27]} 4. Be3
{[%clk 1:30:06]} e5 {[%clk 1:28:57]} 5. dxe5 {[%clk 1:23:02]} Qe7
{[%clk 1:18:13]} 6. Nc3 {[%clk 1:19:46]} Bxe5 {[%clk 1:14:00]} 7. Nd5
{[%clk 1:11:56]} Qd8 {[%clk 1:11:56]} 8. Rb1 {[%clk 1:07:08]} d6 {[%clk 1:10:03]}
9. g3 {[%clk 1:04:52]} Nce7 {[%clk 1:05:02]} 10. Bg2 {[%clk 1:03:14]} c6
{[%clk 1:03:45]} 11. Nc3 {[%clk 1:03:36]} Be6 {[%clk 0:56:28]} 12. Qe2
{[%clk 1:01:33]} Bg7 {[%clk 0:48:44]} 13. Nf3 {[%clk 0:59:43]} Nf6
{[%clk 0:45:02]} 14. O-O {[%clk 0:58:38]} O-O {[%clk 0:44:47]} 15. h3
{[%clk 0:57:52]} h6 {[%clk 0:32:39]} 16. Rfd1 {[%clk 0:57:08]} Qc8
{[%clk 0:29:58]} 17. Kh2 {[%clk 0:56:43]} Rd8 {[%clk 0:30:12]} 18. Rbc1
{[%clk 0:57:00]} Ne8 {[%clk 0:24:34]} 19. Bf4 {[%clk 0:50:16]} g5
{[%clk 0:20:11]} 20. Be3 {[%clk 0:49:35]} f5 {[%clk 0:19:57]} 21. Nd4
{[%clk 0:38:35]} Bf7 {[%clk 0:17:51]} 22. Bf3 {[%clk 0:36:49]} Nf6
{[%clk 0:17:19]} 23. b4 {[%clk 0:35:24]} Bg6 {[%clk 0:14:51]} 24. exf5
{[%clk 0:33:54]} Nxf5 {[%clk 0:15:16]} 25. b5 {[%clk 0:33:59]} Nxd4
{[%clk 0:14:15]} 26. Bxd4 {[%clk 0:34:09]} Re8 {[%clk 0:13:49]} 27. Qd2
{[%clk 0:31:43]} Qf5 {[%clk 0:13:44]} 28. Bg2 {[%clk 0:31:42]} c5
{[%clk 0:08:36]} 29. Bxf6 {[%clk 0:28:12]} Bxf6 {[%clk 0:08:49]} 30. Bxb7
{[%clk 0:27:23]} Rad8 {[%clk 0:06:46]} 31. Bc6 {[%clk 0:27:17]} Re5
{[%clk 0:06:34]} 32. Nd5 {[%clk 0:24:03]} Rf8 {[%clk 0:06:35]} 33. Nxf6+
{[%clk 0:22:11]} Rxf6 {[%clk 0:06:50]} 34. Rf1 {[%clk 0:22:34]} Qd3
{[%clk 0:05:39]} 35. Qb2 {[%clk 0:22:53]} Kg7 {[%clk 0:04:54]} 36. Rce1
{[%clk 0:14:17]} Qxc4 {[%clk 0:02:53]} 37. Rxe5 {[%clk 0:11:08]} Qxf1
{[%clk 0:02:10]} 38. Re7+ {[%clk 0:10:43]} Bf7 {[%clk 0:02:33]} 39. Rxa7
{[%clk 0:09:07]} Qxf2+ {[%clk 0:01:09]} 40. Qxf2 {[%clk 0:39:30]} Rxf2+
{[%clk 0:31:36]} 41. Kg1 {[%clk 0:39:39]} Rb2 {[%clk 0:28:17]} 42. Bd5
{[%clk 0:37:18]} Rxb5 {[%clk 0:28:41]} 43. Rxf7+ {[%clk 0:37:41]} Kg6
{[%clk 0:28:57]} 44. Rb7 {[%clk 0:38:00]} Ra5 {[%clk 0:28:58]} 45. Rb6
{[%clk 0:37:48]} Kf5 {[%clk 0:29:17]} 46. Rxd6 {[%clk 0:38:06]} Ke5
{[%clk 0:29:46]} 47. Rd8 {[%clk 0:38:28]} Ra3 {[%clk 0:27:16]} 48. Bb3
{[%clk 0:37:17]} c4 {[%clk 0:27:45]} 49. Bxc4 {[%clk 0:37:39]} Rxg3+
{[%clk 0:28:13]} 50. Kh2 {[%clk 0:38:01]} Rc3 {[%clk 0:28:30]} 51. Bb3
{[%clk 0:37:45]} h5 {[%clk 0:28:43]} 52. Rh8 {[%clk 0:34:53]} h4 {[%clk 0:28:42]}
53. Rf8 {[%clk 0:34:08]} Ke4 {[%clk 0:28:17]} 54. Rf2 {[%clk 0:33:17]} Ke5
{[%clk 0:28:18]} 55. Bd1 {[%clk 0:33:06]} Rc1 {[%clk 0:28:17]} 56. Bg4
{[%clk 0:33:01]} Ra1 {[%clk 0:28:19]} 57. Kg2 {[%clk 0:32:48]} Ke4
{[%clk 0:28:34]} 58. Re2+ {[%clk 0:32:19]} Kf4 {[%clk 0:28:29]} 59. Rb2
{[%clk 0:32:12]} Ke3 {[%clk 0:28:26]} 60. Rb3+ {[%clk 0:31:59]} Ke4
{[%clk 0:26:59]} 61. a3 {[%clk 0:31:45]} Ra2+ {[%clk 0:27:02]} 62. Kf1
{[%clk 0:32:00]} Rh2 {[%clk 0:25:25]} 63. Be2 {[%clk 0:29:12]} Rh1+
{[%clk 0:25:29]} 64. Kf2 {[%clk 0:29:28]} Ra1 {[%clk 0:25:41]} 65. Rb4+
{[%clk 0:28:23]} Ke5 {[%clk 0:26:02]} 66. a4 {[%clk 0:28:26]} Ra3
{[%clk 0:26:23]} 67. Bg4 {[%clk 0:28:26]} Kd5 {[%clk 0:26:18]} 68. Rb5+
{[%clk 0:26:25]} Kc6 {[%clk 0:25:46]} 69. Bf3+ {[%clk 0:25:45]} Kd6
{[%clk 0:26:00]} 70. a5 {[%clk 0:25:59]} Ra2+ {[%clk 0:25:46]} 71. Kf1
{[%clk 0:25:37]} Ra1+ {[%clk 0:25:59]} 72. Ke2 {[%clk 0:25:47]} Ra2+
{[%clk 0:26:24]} 73. Kd1 {[%clk 0:26:06]} Ra3 {[%clk 0:24:20]} 74. Bg4
{[%clk 0:26:23]} Kc6 {[%clk 0:24:34]} 75. Rxg5 {[%clk 0:26:44]} Ra2
{[%clk 0:25:00]} 76. Kc1 {[%clk 0:26:55]} Kb7 {[%clk 0:25:24]} 77. Kb1
{[%clk 0:27:13]} Ra4 {[%clk 0:23:07]} 78. Kb2 {[%clk 0:27:35]} Ka7
{[%clk 0:23:22]} 79. Kb3 {[%clk 0:27:01]} Ra1 {[%clk 0:23:44]} 80. Rc5
{[%clk 0:27:11]} Rb1+ {[%clk 0:23:19]} 81. Kc4 {[%clk 0:27:05]} Rf1
{[%clk 0:21:55]} 82. Kd4 {[%clk 0:27:00]} Rf6 {[%clk 0:22:00]} 83. Ke5
{[%clk 0:26:02]} Rf1 {[%clk 0:21:19]} 84. Rc6 {[%clk 0:25:40]} Ra1
{[%clk 0:20:23]} 85. a6 {[%clk 0:25:23]} Ra5+ {[%clk 0:18:59]} 86. Kf6
{[%clk 0:25:47]} Rd5 {[%clk 0:19:20]} 87. Bf5 {[%clk 0:25:40]} Ra5
{[%clk 0:19:29]} 88. Kg5 {[%clk 0:25:55]} Rb5 {[%clk 0:19:14]} 89. Rf6
{[%clk 0:26:18]} Rb3 1-0

[Event "WYCC Girls U18"]
[Site "Porto Carras"]
[Date "2015.10.27"]
[Round "3.7"]
[White "Mahalakshmi, M"]
[Black "Heinemann, Josefine"]
[Result "1-0"]
[BlackElo "2253"]
[WhiteElo "2019"]
[LiveChessVersion "1.4.6"]

1. d4 {[%clk 1:30:55]} d5 {[%clk 1:30:54]} 2. c4 {[%clk 1:30:55]} c6
{[%clk 1:31:18]} 3. Nf3 {[%clk 1:31:04]} Nf6 {[%clk 1:31:30]} 4. Nc3
{[%clk 1:31:10]} a6 {[%clk 1:31:06]} 5. a4 {[%clk 1:25:16]} e6 {[%clk 1:30:30]}
6. e3 {[%clk 1:21:29]} a5 {[%clk 1:26:33]} 7. Bd3 {[%clk 1:18:50]} Na6
{[%clk 1:22:47]} 8. Na2 {[%clk 1:16:20]} Be7 {[%clk 1:18:19]} 9. Qc2
{[%clk 1:15:39]} O-O {[%clk 1:15:22]} 10. O-O {[%clk 1:15:34]} h6
{[%clk 1:12:57]} 11. Bd2 {[%clk 1:13:29]} dxc4 {[%clk 1:04:41]} 12. Bxc4
{[%clk 1:11:59]} Nd5 {[%clk 1:04:19]} 13. Rac1 {[%clk 1:00:06]} Nab4
{[%clk 1:00:57]} 14. Nxb4 {[%clk 0:58:17]} Nxb4 {[%clk 1:01:14]} 15. Qb1
{[%clk 0:58:05]} Rb8 {[%clk 0:54:51]} 16. Ne5 {[%clk 0:55:09]} Bd6
{[%clk 0:51:08]} 17. Rfd1 {[%clk 0:52:28]} Qe7 {[%clk 0:41:34]} 18. e4
{[%clk 0:44:13]} c5 {[%clk 0:36:13]} 19. Be3 {[%clk 0:37:38]} b6 {[%clk 0:31:36]}
20. Bb5 {[%clk 0:33:14]} Rd8 {[%clk 0:28:45]} 21. Nc4 {[%clk 0:30:02]} Ba6
{[%clk 0:20:04]} 22. Nxd6 {[%clk 0:26:26]} Rxd6 {[%clk 0:20:27]} 23. Bf4
{[%clk 0:25:32]} cxd4 {[%clk 0:20:09]} 24. Bxd6 {[%clk 0:22:00]} Qxd6
{[%clk 0:20:34]} 25. Rc4 {[%clk 0:16:19]} Bxb5 {[%clk 0:19:01]} 26. Rcxd4
{[%clk 0:15:46]} Qe5 {[%clk 0:18:05]} 27. axb5 {[%clk 0:15:38]} Qxb5
{[%clk 0:18:08]} 28. Qc1 {[%clk 0:14:11]} Qe5 {[%clk 0:13:43]} 29. f4
{[%clk 0:13:17]} Qb5 {[%clk 0:11:02]} 30. Qc7 {[%clk 0:11:40]} Rf8
{[%clk 0:08:28]} 31. Rd8 {[%clk 0:10:52]} Rxd8 {[%clk 0:02:49]} 32. Rxd8+
{[%clk 0:10:52]} Kh7 {[%clk 0:03:14]} 33. h3 {[%clk 0:10:28]} Kg6
{[%clk 0:01:06]} 34. Rf8 {[%clk 0:09:23]} Qc5+ {[%clk 0:01:12]} 35. Qxc5
{[%clk 0:09:48]} bxc5 {[%clk 0:01:40]} 36. b3 {[%clk 0:08:35]} Nd3
{[%clk 0:01:06]} 37. g3 {[%clk 0:08:16]} Nb2 {[%clk 0:00:38]} 38. Rc8
{[%clk 0:06:37]} a4 {[%clk 0:00:59]} 39. Rxc5 {[%clk 0:06:46]} axb3
{[%clk 0:01:24]} 40. Rb5 {[%clk 0:36:36]} Nd3 {[%clk 0:30:08]} 41. Rxb3
{[%clk 0:33:02]} Nc5 {[%clk 0:29:56]} 42. Rb4 {[%clk 0:32:02]} Kf6
{[%clk 0:26:16]} 43. Rc4 {[%clk 0:30:52]} Nb3 {[%clk 0:24:19]} 44. Kf2
{[%clk 0:29:39]} g5 {[%clk 0:23:36]} 45. Ke3 {[%clk 0:28:38]} gxf4+
{[%clk 0:22:16]} 46. gxf4 {[%clk 0:28:33]} Kg6 {[%clk 0:20:28]} 47. Kd3
{[%clk 0:27:56]} f6 {[%clk 0:19:11]} 48. Rc3 {[%clk 0:26:13]} Na5
{[%clk 0:19:03]} 49. Rc7 {[%clk 0:26:09]} e5 {[%clk 0:17:20]} 50. fxe5
{[%clk 0:25:14]} fxe5 {[%clk 0:17:15]} 51. Kc3 {[%clk 0:25:08]} Kg5
{[%clk 0:16:26]} 52. Kb4 {[%clk 0:25:03]} Kf4 {[%clk 0:15:46]} 53. Kxa5
{[%clk 0:24:58]} Kxe4 {[%clk 0:15:36]} 54. Rh7 {[%clk 0:24:50]} 1-0

[Event "WYCC Girls U18"]
[Site "Porto Carras"]
[Date "2015.10.27"]
[Round "3.8"]
[White "Blagojevic, Tijana"]
[Black "Gholami Orimi, Anahita"]
[Result "1/2-1/2"]
[BlackElo "2058"]
[WhiteElo "2315"]
[LiveChessVersion "1.4.6"]

1. e4 {[%clk 1:30:56]} e5 {[%clk 1:30:49]} 2. Nf3 {[%clk 1:31:00]} Nc6
{[%clk 1:31:09]} 3. Nc3 {[%clk 1:31:21]} Nf6 {[%clk 1:31:31]} 4. d4
{[%clk 1:31:40]} exd4 {[%clk 1:31:53]} 5. Nxd4 {[%clk 1:32:04]} Bb4
{[%clk 1:32:09]} 6. Nxc6 {[%clk 1:32:19]} bxc6 {[%clk 1:32:32]} 7. Bd3
{[%clk 1:32:38]} O-O {[%clk 1:32:43]} 8. O-O {[%clk 1:32:53]} d5 {[%clk 1:32:51]}
9. exd5 {[%clk 1:33:11]} cxd5 {[%clk 1:33:09]} 10. h3 {[%clk 1:33:22]} h6
{[%clk 1:33:01]} 11. Qf3 {[%clk 1:33:06]} c6 {[%clk 1:32:40]} 12. Ne2
{[%clk 1:27:39]} Re8 {[%clk 1:30:54]} 13. c3 {[%clk 1:22:24]} Bd6
{[%clk 1:27:43]} 14. Ng3 {[%clk 1:17:58]} c5 {[%clk 1:14:46]} 15. Bb5
{[%clk 1:12:24]} Rf8 {[%clk 1:07:24]} 16. Rd1 {[%clk 1:07:02]} Bb7
{[%clk 1:02:21]} 17. Nf5 {[%clk 1:04:20]} Be5 {[%clk 0:53:39]} 18. Bf4
{[%clk 0:51:13]} Bxf4 {[%clk 0:50:49]} 19. Qxf4 {[%clk 0:51:37]} Ne4
{[%clk 0:45:31]} 20. f3 {[%clk 0:32:44]} Ng5 {[%clk 0:43:59]} 21. Qe5
{[%clk 0:29:59]} Ne6 {[%clk 0:39:42]} 22. Bd3 {[%clk 0:24:17]} Qc7
{[%clk 0:31:47]} 23. Re1 {[%clk 0:23:24]} Qxe5 {[%clk 0:30:21]} 24. Rxe5
{[%clk 0:23:53]} Rfd8 {[%clk 0:29:13]} 25. Rd1 {[%clk 0:21:19]} Kf8
{[%clk 0:27:57]} 26. Kf2 {[%clk 0:21:45]} Bc6 {[%clk 0:28:03]} 27. g3
{[%clk 0:16:49]} Rab8 {[%clk 0:27:52]} 28. b3 {[%clk 0:15:11]} a5
{[%clk 0:27:15]} 29. Bc2 {[%clk 0:13:48]} a4 {[%clk 0:21:44]} 30. Ne3
{[%clk 0:14:09]} axb3 {[%clk 0:22:03]} 31. axb3 {[%clk 0:14:09]} d4
{[%clk 0:22:02]} 32. cxd4 {[%clk 0:14:34]} cxd4 {[%clk 0:22:03]} 33. Nf5
{[%clk 0:13:51]} d3 {[%clk 0:20:26]} 34. Bxd3 {[%clk 0:10:55]} Rxb3
{[%clk 0:20:24]} 35. Be2 {[%clk 0:11:25]} Rxd1 {[%clk 0:18:30]} 36. Bxd1
{[%clk 0:11:54]} Rd3 {[%clk 0:18:35]} 37. Be2 {[%clk 0:11:43]} Rd5
{[%clk 0:17:49]} 38. Rxd5 {[%clk 0:11:39]} Bxd5 {[%clk 0:18:17]} 39. Ke3
{[%clk 0:11:43]} h5 {[%clk 0:16:27]} 1/2-1/2

[Event "WYCC Girls U18"]
[Site "Porto Carras"]
[Date "2015.10.27"]
[Round "3.9"]
[White "Uuriintuya, Uurtsaikh"]
[Black "Machlik, Monika"]
[Result "1-0"]
[BlackElo "2070"]
[WhiteElo "2237"]
[LiveChessVersion "1.4.6"]

1. e4 {[%clk 1:30:56]} c6 {[%clk 1:30:56]} 2. c4 {[%clk 1:31:18]} d5
{[%clk 1:31:20]} 3. exd5 {[%clk 1:31:42]} cxd5 {[%clk 1:31:45]} 4. cxd5
{[%clk 1:32:07]} Nf6 {[%clk 1:31:27]} 5. Nc3 {[%clk 1:32:24]} Nxd5
{[%clk 1:28:58]} 6. Nf3 {[%clk 1:32:36]} Nc6 {[%clk 1:28:14]} 7. Bb5
{[%clk 1:32:55]} e6 {[%clk 1:22:26]} 8. O-O {[%clk 1:32:15]} Be7 {[%clk 1:18:01]}
9. d4 {[%clk 1:32:03]} O-O {[%clk 1:15:50]} 10. Re1 {[%clk 1:31:58]} Bd7
{[%clk 1:10:22]} 11. a3 {[%clk 1:28:30]} Rc8 {[%clk 0:59:47]} 12. Bd3
{[%clk 1:28:29]} Bf6 {[%clk 0:46:56]} 13. Be4 {[%clk 1:28:19]} Nxc3
{[%clk 0:43:14]} 14. bxc3 {[%clk 1:28:33]} Na5 {[%clk 0:41:57]} 15. Qc2
{[%clk 1:10:53]} g6 {[%clk 0:38:32]} 16. Bd3 {[%clk 0:57:16]} Bc6
{[%clk 0:31:19]} 17. Ne5 {[%clk 0:56:40]} Bd5 {[%clk 0:28:56]} 18. Rb1
{[%clk 0:43:40]} Qc7 {[%clk 0:24:24]} 19. Bh6 {[%clk 0:40:48]} Rfd8
{[%clk 0:21:21]} 20. Qd2 {[%clk 0:34:11]} Bh8 {[%clk 0:17:25]} 21. Qe3
{[%clk 0:27:48]} Qe7 {[%clk 0:15:14]} 22. Rec1 {[%clk 0:24:37]} Nc4
{[%clk 0:14:19]} 23. Bxc4 {[%clk 0:16:00]} Bxc4 {[%clk 0:14:43]} 24. h4
{[%clk 0:13:29]} Rd5 {[%clk 0:13:43]} 25. Qg3 {[%clk 0:13:22]} b6
{[%clk 0:06:48]} 26. Re1 {[%clk 0:12:24]} b5 {[%clk 0:04:44]} 27. h5
{[%clk 0:07:49]} Bf6 {[%clk 0:01:57]} 28. Re3 {[%clk 0:05:35]} Bh4
{[%clk 0:01:20]} 29. Qg4 {[%clk 0:03:34]} Bf6 {[%clk 0:01:12]} 30. hxg6
{[%clk 0:03:56]} hxg6 {[%clk 0:01:11]} 31. Nxg6 {[%clk 0:03:51]} fxg6
{[%clk 0:01:08]} 32. Qxg6+ {[%clk 0:03:56]} Kh8 {[%clk 0:00:33]} 33. Rh3
{[%clk 0:03:54]} Bh4 {[%clk 0:00:33]} 34. Rxh4 {[%clk 0:04:12]} Rc7
{[%clk 0:00:33]} 35. Bg7+ {[%clk 0:04:30]} 1-0

[Event "WYCC Girls U18"]
[Site "Porto Carras"]
[Date "2015.10.27"]
[Round "3.11"]
[White "Trippold, Denise"]
[Black "Ghukasyan, Siranush"]
[Result "1-0"]
[BlackElo "2138"]
[WhiteElo "1982"]
[LiveChessVersion "1.4.6"]

1. d4 d5 2. c4 {[%clk 1:31:17]} e6 {[%clk 1:31:19]} 3. Nf3 Nf6 {[%clk 1:31:47]}
4. g3 {[%clk 1:31:12]} Bb4+ {[%clk 1:32:11]} 5. Bd2 {[%clk 1:31:27]} Bd6
{[%clk 1:32:35]} 6. Bg2 {[%clk 1:31:02]} O-O {[%clk 1:32:49]} 7. O-O
{[%clk 1:28:50]} c6 {[%clk 1:32:22]} 8. Nc3 {[%clk 1:22:02]} Nbd7
{[%clk 1:32:17]} 9. e4 {[%clk 1:07:30]} dxe4 {[%clk 1:21:02]} 10. Ng5
{[%clk 1:05:31]} Be7 {[%clk 1:19:58]} 11. Ngxe4 {[%clk 1:03:11]} Nb6
{[%clk 1:18:42]} 12. c5 {[%clk 1:01:34]} Nbd5 {[%clk 1:17:03]} 13. Qe2
{[%clk 0:47:36]} b6 {[%clk 1:12:45]} 14. Rac1 {[%clk 0:45:43]} a5
{[%clk 1:09:33]} 15. Rfd1 {[%clk 0:45:02]} b5 {[%clk 1:04:44]} 16. Nxf6+
{[%clk 0:37:20]} Bxf6 {[%clk 1:04:54]} 17. Ne4 {[%clk 0:36:06]} Be7
{[%clk 1:03:54]} 18. h4 {[%clk 0:32:39]} h6 {[%clk 1:01:51]} 19. Be1
{[%clk 0:27:26]} Bd7 {[%clk 0:52:55]} 20. Nd2 {[%clk 0:26:50]} Be8
{[%clk 0:40:20]} 21. Nf3 {[%clk 0:26:04]} Qc8 {[%clk 0:38:55]} 22. Bh3
{[%clk 0:23:18]} f5 {[%clk 0:31:16]} 23. Ne5 {[%clk 0:20:45]} Bf6
{[%clk 0:31:14]} 24. Bd2 {[%clk 0:18:52]} Bf7 {[%clk 0:30:27]} 25. Re1
{[%clk 0:18:33]} Qc7 {[%clk 0:22:18]} 26. Rcd1 {[%clk 0:09:48]} Bxe5
{[%clk 0:17:26]} 27. Qxe5 {[%clk 0:10:16]} Qxe5 {[%clk 0:17:00]} 28. Rxe5
{[%clk 0:10:45]} Rfd8 {[%clk 0:13:28]} 29. Bg2 {[%clk 0:09:43]} b4
{[%clk 0:11:32]} 30. Bf4 {[%clk 0:03:59]} Ne7 {[%clk 0:08:58]} 31. Bf3
{[%clk 0:03:52]} Ra7 {[%clk 0:08:46]} 32. Re3 {[%clk 0:02:43]} Rad7
{[%clk 0:07:41]} 33. Bd6 {[%clk 0:02:51]} Rc8 {[%clk 0:05:17]} 34. Kg2
{[%clk 0:02:23]} g5 {[%clk 0:03:50]} 35. hxg5 {[%clk 0:02:48]} hxg5
{[%clk 0:04:17]} 36. Be2 {[%clk 0:01:18]} Nd5 {[%clk 0:04:12]} 37. Re5
{[%clk 0:01:34]} Nf6 {[%clk 0:03:16]} 38. Bc4 {[%clk 0:01:36]} Ne4
{[%clk 0:01:34]} 39. Bxe6 {[%clk 0:01:19]} Bxe6 {[%clk 0:01:59]} 40. Rxe6
{[%clk 0:31:31]} Nxd6 {[%clk 0:31:32]} 41. cxd6 {[%clk 0:18:41]} Rcd8
{[%clk 0:28:03]} 42. Rc1 {[%clk 0:14:03]} Rxd6 {[%clk 0:28:15]} 43. Re5
{[%clk 0:12:44]} Rf6 {[%clk 0:26:39]} 44. Rcc5 {[%clk 0:12:20]} Rxd4
{[%clk 0:25:16]} 45. Rxf5 {[%clk 0:10:04]} Rxf5 {[%clk 0:23:04]} 46. Rxf5
{[%clk 0:10:33]} g4 {[%clk 0:21:27]} 47. Rxa5 {[%clk 0:09:02]} Kf7
{[%clk 0:21:11]} 48. Rc5 {[%clk 0:08:17]} Ke6 {[%clk 0:21:07]} 49. Rxc6+
{[%clk 0:07:35]} Kd5 {[%clk 0:21:19]} 50. Rf6 {[%clk 0:04:18]} Rd2
{[%clk 0:20:49]} 51. b3 {[%clk 0:03:31]} Rxa2 {[%clk 0:20:52]} 52. Rf4
{[%clk 0:03:39]} Kc5 {[%clk 0:21:20]} 53. Rc4+ {[%clk 0:02:39]} Kb5
{[%clk 0:21:43]} 54. Rxg4 {[%clk 0:02:00]} Rb2 {[%clk 0:22:12]} 55. Rg5+
{[%clk 0:02:22]} Kc6 {[%clk 0:22:35]} 56. Kf3 {[%clk 0:02:33]} Rxb3+
{[%clk 0:23:01]} 57. Ke4 {[%clk 0:02:59]} Rc3 {[%clk 0:23:18]} 58. Rg8
{[%clk 0:01:29]} b3 {[%clk 0:21:09]} 59. Rc8+ {[%clk 0:01:18]} 1-0

[Event "WYCC Girls U18"]
[Site "Porto Carras"]
[Date "2015.10.27"]
[Round "3.12"]
[White "Parpieva, Nodirabegim"]
[Black "Parnali, S Dharia"]
[Result "0-1"]
[BlackElo "2130"]
[WhiteElo "1901"]
[LiveChessVersion "1.4.6"]

1. e4 {[%clk 1:30:57]} e5 {[%clk 1:30:53]} 2. Nf3 {[%clk 1:31:23]} Nc6
{[%clk 1:31:16]} 3. Bb5 {[%clk 1:31:48]} a6 {[%clk 1:31:43]} 4. Ba4
{[%clk 1:32:12]} Nf6 {[%clk 1:32:07]} 5. O-O {[%clk 1:32:31]} b5 {[%clk 1:31:52]}
6. Bb3 {[%clk 1:32:49]} Bc5 {[%clk 1:31:53]} 7. a4 {[%clk 1:31:34]} Bb7
{[%clk 1:31:10]} 8. d3 {[%clk 1:25:56]} h6 {[%clk 1:30:41]} 9. Nc3
{[%clk 1:17:02]} b4 {[%clk 1:29:51]} 10. Nd5 {[%clk 1:12:53]} O-O
{[%clk 1:26:17]} 11. a5 {[%clk 0:45:57]} Nd4 {[%clk 1:15:02]} 12. Nxd4
{[%clk 0:35:33]} Bxd4 {[%clk 1:12:27]} 13. Nxb4 {[%clk 0:27:14]} Qe7
{[%clk 1:07:46]} 14. c3 {[%clk 0:24:01]} Bc5 {[%clk 1:07:43]} 15. Nc2
{[%clk 0:22:20]} d5 {[%clk 1:07:37]} 16. d4 {[%clk 0:22:40]} Ba7 {[%clk 1:07:29]}
17. exd5 {[%clk 0:21:30]} Nxd5 {[%clk 0:58:20]} 18. Re1 {[%clk 0:20:37]} e4
{[%clk 0:49:30]} 19. Ne3 {[%clk 0:15:45]} Nxe3 {[%clk 0:42:34]} 20. Bxe3
{[%clk 0:16:08]} Rad8 {[%clk 0:42:34]} 21. Qh5 {[%clk 0:14:19]} Kh7
{[%clk 0:39:08]} 22. Qf5+ {[%clk 0:09:13]} Kh8 {[%clk 0:38:31]} 23. Bf4
{[%clk 0:09:01]} c5 {[%clk 0:34:41]} 24. d5 {[%clk 0:08:27]} c4 {[%clk 0:33:43]}
25. d6 {[%clk 0:08:56]} Qe6 {[%clk 0:32:19]} 26. Qh5 {[%clk 0:01:19]} cxb3
{[%clk 0:31:46]} 27. c4 {[%clk 0:01:44]} Rc8 {[%clk 0:25:31]} 28. d7
{[%clk 0:01:21]} Qxd7 {[%clk 0:22:49]} 29. Rad1 {[%clk 0:01:41]} Qe7
{[%clk 0:17:51]} 30. Bxh6 {[%clk 0:01:56]} gxh6 {[%clk 0:17:00]} 31. Qxh6+
{[%clk 0:02:21]} Kg8 {[%clk 0:17:10]} 32. Rd7 {[%clk 0:02:48]} Qe6
{[%clk 0:15:49]} 33. Qf4 {[%clk 0:02:01]} Bb8 {[%clk 0:05:23]} 34. Qh4
{[%clk 0:02:26]} Bc6 {[%clk 0:05:01]} 35. Rd3 {[%clk 0:00:45]} Qg6
{[%clk 0:05:12]} 36. Rh3 {[%clk 0:01:02]} Be5 {[%clk 0:05:10]} 37. Ree3
{[%clk 0:01:21]} Rfd8 {[%clk 0:05:22]} 38. f4 {[%clk 0:01:29]} exf3
{[%clk 0:05:18]} 39. g3 {[%clk 0:01:05]} Rd1+ {[%clk 0:05:42]} 0-1

[Event "WYCC Girls U18"]
[Site "Porto Carras"]
[Date "2015.10.28"]
[Round "4.1"]
[White "Varshini, V"]
[Black "Derakhshani, Dorsa"]
[Result "1-0"]
[BlackElo "2356"]
[WhiteElo "2105"]
[LiveChessVersion "1.4.6"]

1. e4 {[%clk 1:30:56]} e5 {[%clk 1:30:52]} 2. Nf3 {[%clk 1:31:17]} Nc6
{[%clk 1:31:18]} 3. Bb5 {[%clk 1:31:39]} a6 {[%clk 1:31:45]} 4. Ba4
{[%clk 1:32:04]} Nf6 {[%clk 1:32:11]} 5. Qe2 {[%clk 1:32:28]} d6 {[%clk 1:32:38]}
6. c3 {[%clk 1:30:51]} g6 {[%clk 1:32:42]} 7. d4 {[%clk 1:22:42]} b5
{[%clk 1:33:07]} 8. Bc2 {[%clk 1:21:59]} Bg7 {[%clk 1:20:34]} 9. a4
{[%clk 1:15:40]} Rb8 {[%clk 1:14:56]} 10. dxe5 {[%clk 1:11:52]} Nxe5
{[%clk 1:14:13]} 11. Nxe5 {[%clk 1:08:14]} dxe5 {[%clk 1:14:42]} 12. axb5
{[%clk 1:07:20]} axb5 {[%clk 1:15:00]} 13. O-O {[%clk 1:02:11]} c5
{[%clk 1:04:39]} 14. f4 {[%clk 0:56:05]} O-O {[%clk 0:49:37]} 15. f5
{[%clk 0:40:51]} gxf5 {[%clk 0:40:43]} 16. exf5 {[%clk 0:41:12]} Re8
{[%clk 0:40:38]} 17. Bg5 {[%clk 0:38:53]} h6 {[%clk 0:35:52]} 18. Bxf6
{[%clk 0:33:02]} Qxf6 {[%clk 0:32:23]} 19. Nd2 {[%clk 0:32:45]} Bb7
{[%clk 0:30:06]} 20. Be4 {[%clk 0:30:53]} Ba6 {[%clk 0:30:24]} 21. Bd5
{[%clk 0:23:38]} e4 {[%clk 0:18:59]} 22. Nxe4 {[%clk 0:16:38]} Qe5
{[%clk 0:17:51]} 23. f6 {[%clk 0:16:08]} Bh8 {[%clk 0:11:14]} 24. Qg4+
{[%clk 0:16:02]} Kf8 {[%clk 0:11:42]} 25. Rf5 {[%clk 0:16:13]} Bc8
{[%clk 0:11:53]} 26. Qh5 {[%clk 0:16:29]} 1-0